Faun - Buntes Volk Lyrics Quiz - Statistiken

Allgemein
  • Dieses Quiz wurde 5 mal gespielt
  • Das Durchschnittsergebnis liegt bei 101 aus 159
Antwortstatistiken
Antwort % Korrekt
angespien
100%
böse
100%
das
100%
dem
100%
den
100%
der
100%
die
100%
Die
100%
du
100%
durch
100%
Durch
100%
Freiheit
100%
Halb
100%
halb
100%
keine
100%
Kennen
100%
kennen
100%
Lied
100%
Lieder
100%
Menschen
100%
mit
100%
Mit
100%
Narrn
100%
sah
100%
Sahst
100%
Spielleut
100%
spür
100%
Spür
100%
Tal
100%
Und
100%
und
100%
Verehrt
100%
Weise
100%
wie
100%
wieder
100%
Wind
100%
Zieh
100%
zieh
100%
ziehn
100%
buntes
50%
deiner
50%
Denn
50%
diesem
50%
dir
50%
ein
50%
Gesang
50%
Ging
50%
Grenzen
50%
groß
50%
Hey
50%
hey
50%
ich
50%
Ich
50%
schien
50%
sehen
50%
Seit
50%
seitdem
50%
Volk
50%
von
50%
Welt
50%
wichtig
50%
als
0%
Bann
0%
Dass
0%
Doch
0%
eine
0%
es
0%
Folg
0%
fremd
0%
Gut
0%
Heimat
0%
her
0%
Hielt
0%
höchstes
0%
ihr
0%
ihre
0%
im
0%
In
0%
Ist
0%
ist
0%
jener
0%
Konntest
0%
lange
0%
Liedern
0%
mehr
0%
Melodie
0%
mich
0%
Mir
0%
Nacht
0%
Nachts
0%
nichts
0%
nun
0%
sank
0%
so
0%
Sonne
0%
unbekannt
0%
völlig
0%
war
0%
zählt
0%
Keine übereinstimmenden Quizze gefunden
Verteilung der Resultate
Anzahl Personen mit jedem Resultat
Perzentil nach korrekt beantworteten Fragen
Ihre Resultats-Entwicklung
Sie haben dieses Quiz noch nicht gespielt